000 00621nam a2200229Ia 4500
003 OSt
005 20220927105227.0
006 a|||||r|||| 00| 0
007 ta
008 220926b |||||||| |||| 00| 0 eng d
024 _a188107
037 _cReference Collections
040 _aRTL
_cRTL
_beng
041 _2eng
_aeng
082 _a"XN6, M6/SC"
100 _aMeade James
_9371194
245 0 _aDifferent forms of share economy
260 _aLondon
_bPublic Policy Centre
_c1986
300 _a"x,57p"
_ccm.
942 _h"XN6, M6/SC"
_cCC
999 _c691421
_d691421